000 00832nas a2200277 4500
001 BR9207584
003 BR-BrBNA
005 20231205093021.0
007 ta
008 230509b bl.|||p| |||| 00| 00por d
040 _aBR-BrBNA
_bpor
_cBiblioteca Nacional de Agricultura
041 _a(En)
072 _aF63
100 1 _aNelson, B.W.
100 1 _aAbsy, M.L.
100 1 _aBarbosa, E.M.
100 1 _aPrance, G.T.
245 1 _aObservations on flower visitors to Bertholletia excelsa H.B.K. and Couratari tenuicarpa A.C. SM. (Lecythidaceae)
650 _aABELHA
650 _aPOLEN
650 _aPOLINIZACAO
650 _aPLANTA MELIFERA
773 0 _tActa Amazonica (Brazil)
_xISSN 0044-5967
_g(Mar-Jun 1985), v. 15(1-2) p. 225-234
_wBR9207584
909 _a202311
_bLúcia
_c55
_dLúcia Elande
942 _2AGRIS
_n0
_cANA
999 _c135668
_d135668